Rock mechanics on a geological base / (Record no. 999)

000 -LEADER
fixed length control field 00387 a2200121 4500
020 ## - INTERNATIONAL STANDARD BOOK NUMBER
International Standard Book Number 0444896139 (acid-free paper)
082 ## - DEWEY DECIMAL CLASSIFICATION NUMBER
Classification number 624.1513 PUS
100 ## - MAIN ENTRY--PERSONAL NAME
Personal name Pusch, Roland.
245 ## - TITLE STATEMENT
Title Rock mechanics on a geological base /
Statement of responsibility, etc. R. Pusch.
260 ## - PUBLICATION, DISTRIBUTION, ETC.
Place of publication, distribution, etc. Amsterdam ;
-- New York :
Name of publisher, distributor, etc. Elsevier,
Date of publication, distribution, etc. 1995.
300 ## - PHYSICAL DESCRIPTION
Extent xix, 498 p. :
Other physical details ill. (some col.), maps ;
Dimensions 25 cm.
650 ## - SUBJECT ADDED ENTRY--TOPICAL TERM
Topical term or geographic name entry element Rock mechanics.
650 ## - SUBJECT ADDED ENTRY--TOPICAL TERM
Topical term or geographic name entry element Engineering geology.
Holdings
Withdrawn status Lost status Damaged status Not for loan Permanent Location Current Location Shelving location Date acquired Total Checkouts Full call number Barcode Date last seen Date last checked out Price effective from Koha item type
        School of Civil and Environmental Engineering (SCEE) School of Civil and Environmental Engineering (SCEE)     1 624.1513 PUS NIT-173 07/04/2025 06/25/2025 01/05/2017 Book
        School of Civil and Environmental Engineering (SCEE) School of Civil and Environmental Engineering (SCEE)         NIT-174 01/05/2017   01/05/2017 Book
© 2023 Central Library, National University of Sciences and Technology. All Rights Reserved.